[Event "Turkey Cup 2019"]
[Site "Belek"]
[Date "2019.01.28"]
[Round "3.23"]
[White "Kizilkus, Akin"]
[Black "Celik, Cem Akin"]
[Result "1-0"]
[WhiteElo "2100"]
[BlackElo "1637"]
[Annotator "TA"]
[PlyCount "95"]
[EventDate "2019.01.27"]
[EventType "swiss"]
[EventCountry "TUR"]
[SourceTitle "playchess.com"]
[Source "ChessBase"]
[SourceQuality "1"]

1. d4 Nf6 2. c4 g6 3. Nc3 Bg7 4. e4 d6 5. h3 O-O 6. Bg5 e5 7. dxe5 dxe5 8. Qxd8 Rxd8 9. Nd5 Nbd7 10. Nxc7 Rb8 11. Rd1 Rf8 12. f3 h6 13. Be3 b6 14. Ne2 Bb7 15. Nc3 Rfd8 16. Kf2 Bf8 17. Be2 Nc5 18. g4 Rbc8 19. Rxd8 Rxd8 20. Rd1 Rxd1 21. Nxd1 Bc6 22. Nc3 Ne8 23. Nxe8 Bxe8 24. Nd5 Kg7 25. Nc7 Bd7 26. b4 Na4 27. Bd2 Bd6 28. Nd5 f5 29. Ke1 f4 30. Kd1 h5 31. Kc2 hxg4 32. hxg4 g5 33. Kb3 a6 34. Bd1 b5 35. c5 Bb8 36. Ka3 Kf7 37. Bb3 Kg6 38. c6 Be6 39. c7 Bxc7 40. Nxc7 Bc8 41. Bxa4 bxa4 42. Kxa4 Kf6 43. Ka5 Ke7 44. a4 Kd6 45. Kb6 Ke7 46. a5 Kd8 47. Bc3 Bd7 48. b5 1-0

[Event "Turkey Cup 2019"]
[Site "Belek"]
[Date "2019.01.28"]
[Round "3.24"]
[White "Aydogdu, Cagatay"]
[Black "Kirilmaz, Emre"]
[Result "1-0"]
[WhiteElo "1727"]
[BlackElo "2035"]
[Annotator "NA RC"]
[PlyCount "57"]
[EventDate "2019.01.27"]
[EventType "swiss"]
[EventCountry "TUR"]
[SourceTitle "playchess.com"]
[Source "ChessBase"]
[SourceQuality "1"]

1. Nf3 d5 2. c4 e6 3. g3 b6 4. Bg2 Bb7 5. d4 dxc4 6. Qa4+ Nd7 7. Qxc4 Ngf6 8. Nc3 c5 9. O-O Rc8 10. Bg5 cxd4 11. Qxd4 Bc5 12. Qh4 h6 13. Rad1 Qe7 14. Rxd7 Qxd7 15. Ne5 Qe7 16. Bxf6 gxf6 17. Qa4+ Kf8 18. Nd7+ Kg7 19. Bxb7 Rc7 20. Qg4+ Kh7 21. Nxf6+ Qxf6 22. Be4+ Qg6 23. Bxg6+ fxg6 24. Ne4 Rf8 25. Nxc5 Rxc5 26. Qxe6 Rc7 27. Rd1 Rd8 28. Rxd8 Rf7 29. Qxf7# 1-0

[Event "Turkey Cup 2019"]
[Site "Belek"]
[Date "2019.01.28"]
[Round "3.25"]
[White "Pektas, Yigit"]
[Black "Akcun, Fayik"]
[Result "1-0"]
[WhiteElo "2019"]
[BlackElo "1614"]
[Annotator "NA RC"]
[PlyCount "83"]
[EventDate "2019.01.27"]
[EventType "swiss"]
[EventCountry "TUR"]
[SourceTitle "playchess.com"]
[Source "ChessBase"]
[SourceQuality "1"]

1. d4 Nf6 2. c4 g6 3. Nc3 d5 4. Nf3 Bg7 5. Bf4 c6 6. e3 O-O 7. Be2 Bg4 8. Qb3 Bc8 9. O-O dxc4 10. Bxc4 e6 11. Rfd1 Nbd7 12. Rac1 Nd5 13. Bg3 Qe7 14. Ne4 Qd8 15. Bd6 Re8 16. Ba3 Bf8 17. Nd6 Bxd6 18. Bxd6 N7b6 19. Bg3 Nxc4 20. Qxc4 f6 21. e4 Nb6 22. Qb3 Qe7 23. h3 Qf7 24. a4 Nd7 25. a5 a6 26. Nd2 e5 27. d5 cxd5 28. exd5 Nf8 29. Nc4 Rd8 30. Nb6 Rb8 31. f4 Nd7 32. Nxd7 Bxd7 33. fxe5 fxe5 34. Bxe5 Rbc8 35. Qxb7 Bb5 36. Qxc8 Rxc8 37. Rxc8+ Be8 38. d6 Qa7+ 39. Kh1 Qd7 40. Rc7 Qa4 41. Rg7+ Kh8 42. Rf1 1-0

[Event "Turkey Cup 2019"]
[Site "Belek"]
[Date "2019.01.28"]
[Round "3.26"]
[White "Acar, Ozgur"]
[Black "Buker, Muhittin"]
[Result "0-1"]
[WhiteElo "1798"]
[BlackElo "1978"]
[Annotator "NA RC"]
[PlyCount "94"]
[EventDate "2019.01.27"]
[EventType "swiss"]
[EventCountry "TUR"]
[SourceTitle "playchess.com"]
[Source "ChessBase"]
[SourceQuality "1"]

1. d4 Nf6 2. c4 e6 3. a3 d5 4. Nc3 Be7 5. e3 O-O 6. Nf3 b6 7. cxd5 exd5 8. h3 Re8 9. Bd3 c5 10. O-O Bb7 11. b3 Nbd7 12. Bb2 Bf8 13. Re1 Rc8 14. Nd2 Bd6 15. Rc1 Qe7 16. Bb1 Qf8 17. Nf1 cxd4 18. exd4 Rxe1 19. Qxe1 Bxa3 20. Bxa3 Qxa3 21. Ne3 g6 22. Rc2 Qxb3 23. Ba2 Qb4 24. Qc1 Qxd4 25. Ncxd5 Rxc2 26. Nxf6+ Nxf6 27. Qxc2 Kg7 28. Kh2 Qe5+ 29. Kg1 b5 30. Qb3 Qe8 31. Qa3 a6 32. Qd6 h5 33. Qc7 Bc8 34. Bxf7 Qd7 35. Qxd7 Bxd7 36. Ba2 Kf8 37. Kf1 Ke7 38. Ke2 Kd6 39. Kd3 Kc5 40. f3 h4 41. Bf7 Bf5+ 42. Nxf5 gxf5 43. Ke3 Nd5+ 44. Bxd5 Kxd5 45. g4 hxg3 46. h4 f4+ 47. Ke2 Ke5 0-1

[Event "Turkey Cup 2019"]
[Site "Belek"]
[Date "2019.01.28"]
[Round "3.27"]
[White "Caglar, Mehmet Halil"]
[Black "Kocak, Can"]
[Result "0-1"]
[WhiteElo "1666"]
[BlackElo "1994"]
[Annotator "NA RC"]
[PlyCount "98"]
[EventDate "2019.01.27"]
[EventType "swiss"]
[EventCountry "TUR"]
[SourceTitle "playchess.com"]
[Source "ChessBase"]
[SourceQuality "1"]

1. Nf3 Nf6 2. c4 g6 3. b3 Bg7 4. Bb2 O-O 5. e3 d6 6. Be2 e5 7. d4 e4 8. Nfd2 c6 9. Nc3 d5 10. Qc2 Na6 11. a3 Nc7 12. Na4 Bg4 13. Bf1 Rc8 14. h3 Be6 15. Nc5 b6 16. Na4 Nd7 17. O-O-O Qf6 18. Nb1 b5 19. Nac3 bxc4 20. bxc4 Rb8 21. c5 Rb7 22. Rd2 g5 23. Qa4 Bf5 24. g3 Rfb8 25. h4 gxh4 26. Rxh4 Bh6 27. Nd1 Bg5 28. Rh2 Bg4 29. Nbc3 Qe6 30. Qa5 Nf6 31. Ba6 Nxa6 32. Qxa6 Bf3 33. g4 Nxg4 34. Rh5 h6 35. Qf1 f5 36. Rh3 f4 37. Qg1 Rg7 38. Qe1 Ne5 39. dxe5 Qxh3 40. Ne2 fxe3 41. Nxe3 Bxe3 42. fxe3 Bxe2 43. Qxe2 Rb3 44. Bd4 Rxa3 45. e6 Rg6 46. Qf2 Qxe6 47. Qh2 Rb3 48. Qc7 Qf7 49. Kc2 Qxc7 0-1

[Event "Turkey Cup 2019"]
[Site "Belek"]
[Date "2019.01.28"]
[Round "3.28"]
[White "Gokerkan, Cem Kaan"]
[Black "Hereklioglu, Sude"]
[Result "1-0"]
[WhiteElo "2420"]
[BlackElo "1951"]
[Annotator "TA"]
[PlyCount "63"]
[EventDate "2019.01.27"]
[EventType "swiss"]
[EventCountry "TUR"]
[SourceTitle "playchess.com"]
[Source "ChessBase"]
[SourceQuality "1"]

1. e4 g6 2. d4 Bg7 3. Nc3 d6 4. Be3 Nd7 5. Qd2 a6 6. h4 h5 7. O-O-O b5 8. Nh3 Nb6 9. Ng5 Nh6 10. f3 c6 11. Bd3 Qc7 12. Kb1 Bd7 13. e5 Nf5 14. exd6 Qxd6 15. Nge4 Qc7 16. Bf4 Qa7 17. Be5 f6 18. Bh2 Nxd4 19. Nd6+ Kf8 20. Bxg6 c5 21. Rhe1 Bc6 22. Nf5 Nc4 23. Qf2 e5 24. f4 b4 25. Ne2 Nxe2 26. Rxe2 e4 27. Bg1 e3 28. Nxe3 Na3+ 29. Kc1 Nb5 30. Nf5 c4 31. Qxa7 Nxa7 32. Bxa7 1-0

[Event "Turkey Cup 2019"]
[Site "Belek"]
[Date "2019.01.28"]
[Round "3.29"]
[White "Ozen, Bahadir"]
[Black "Demirtas, Hafize"]
[Result "1-0"]
[WhiteElo "2349"]
[BlackElo "1929"]
[Annotator "TA"]
[PlyCount "45"]
[EventDate "2019.01.27"]
[EventType "swiss"]
[EventCountry "TUR"]
[SourceTitle "playchess.com"]
[Source "ChessBase"]
[SourceQuality "1"]

1. Nf3 f5 2. c4 Nf6 3. Nc3 e6 4. g3 b6 5. Bg2 Bb7 6. O-O Bb4 7. Qb3 Bxc3 8. Qxc3 O-O 9. b4 a5 10. a3 Ne4 11. Qb2 d5 12. d3 Nf6 13. c5 axb4 14. axb4 Nbd7 15. Nd4 bxc5 16. Nxe6 Qc8 17. Nxf8 Qxf8 18. Rxa8 Bxa8 19. bxc5 Bc6 20. Bf4 Ne8 21. Qd4 Qf7 22. Ra1 Nef6 23. Ra7 1-0

[Event "Turkey Cup 2019"]
[Site "Belek"]
[Date "2019.01.28"]
[Round "3.30"]
[White "Aydin, Hakan Arda"]
[Black "Metin, Mehmet"]
[Result "0-1"]
[WhiteElo "1915"]
[BlackElo "2197"]
[Annotator "TA"]
[PlyCount "160"]
[EventDate "2019.01.27"]
[EventType "swiss"]
[EventCountry "TUR"]
[SourceTitle "playchess.com"]
[Source "ChessBase"]
[SourceQuality "1"]

1. e4 c5 2. Nf3 Nc6 3. d4 cxd4 4. Nxd4 g6 5. Nc3 Bg7 6. Be3 Nf6 7. Bc4 O-O 8. Nxc6 bxc6 9. e5 Ne8 10. f4 d6 11. O-O Bf5 12. exd6 exd6 13. Bd3 Bxd3 14. Qxd3 d5 15. Bc5 Nd6 16. f5 Re8 17. fxg6 hxg6 18. Rf4 Ne4 19. Nxe4 dxe4 20. Rxe4 Qxd3 21. cxd3 Rxe4 22. dxe4 Bxb2 23. Rb1 Be5 24. Rb7 a5 25. Bb6 a4 26. h3 a3 27. Kf2 Ra4 28. Ra7 Rb4 29. Bc5 Rc4 30. Ra8+ Kh7 31. Bxa3 c5 32. Ra5 Bd4+ 33. Kf3 Rc3+ 34. Kf4 Rc2 35. Ra7 Kg8 36. Rc7 Rf2+ 37. Kg3 Rxa2 38. Rc8+ Kh7 39. Bxc5 Rc2 40. Bxd4 Rxc8 41. Bf6 Rc6 42. e5 Rc4 43. h4 Kg8 44. Kf3 Rc1 45. Kf4 Rf1+ 46. Kg4 Kf8 47. g3 Ke8 48. h5 gxh5+ 49. Kxh5 Kd7 50. g4 Ke6 51. g5 Rh1+ 52. Kg4 Rh2 53. Kg3 Rh1 54. Kg4 Kd5 55. Kf4 Rg1 56. Kf3 Ke6 57. Kf4 Kd7 58. Kf3 Ke8 59. Kf2 Rg4 60. Kf3 Ra4 61. Kg3 Kd7 62. Kf3 Ke6 63. Ke3 Kf5 64. Kd3 Re4 65. Kd2 Kf4 66. Kd3 Ra4 67. Kc3 Ke4 68. Kd2 Ra3 69. Kc2 Rd3 70. Kb2 Rd5 71. Kc3 Rxe5 72. Bxe5 Kxe5 73. Kd3 Kf4 74. Ke2 Kxg5 75. Ke3 Kg4 76. Kf2 Kf4 77. Kg2 f6 78. Kf2 f5 79. Kg2 Ke3 80. Kf1 Kf3 0-1

[Event "Turkey Cup 2019"]
[Site "Belek"]
[Date "2019.01.28"]
[Round "3.31"]
[White "Dogan, Nazmi Can"]
[Black "Demir, Hilmi Mustafa"]
[Result "1/2-1/2"]
[WhiteElo "2244"]
[BlackElo "1809"]
[Annotator "TA"]
[PlyCount "60"]
[EventDate "2019.01.27"]
[EventType "swiss"]
[EventCountry "TUR"]
[SourceTitle "playchess.com"]
[Source "ChessBase"]
[SourceQuality "1"]

1. e4 e5 2. Nf3 Nc6 3. Bc4 Nf6 4. d4 exd4 5. O-O Nxe4 6. Re1 d5 7. Bxd5 Qxd5 8. Nc3 Qd7 9. Nxe4 Be7 10. Bg5 O-O 11. Bxe7 Qxe7 12. Nxd4 Bd7 13. Nb3 Rae8 14. Qd2 Bc8 15. Nc3 Qf6 16. Rxe8 Rxe8 17. Re1 Rxe1+ 18. Qxe1 Qd8 19. h3 h6 20. Qe4 a6 21. Qf4 Be6 22. Nc5 Bc8 23. Nb3 Be6 24. Nc5 Bc8 25. Qe4 Qe7 26. Qxe7 Nxe7 27. Kf1 b6 28. Nd3 f6 29. Ke2 Bb7 30. f3 Kf7 1/2-1/2

[Event "Turkey Cup 2019"]
[Site "Belek"]
[Date "2019.01.28"]
[Round "3.32"]
[White "Eren, Ataberk"]
[Black "Isik, Kadri"]
[Result "1-0"]
[WhiteElo "2171"]
[BlackElo "1820"]
[Annotator "TA"]
[PlyCount "101"]
[EventDate "2019.01.27"]
[EventType "swiss"]
[EventCountry "TUR"]
[SourceTitle "playchess.com"]
[Source "ChessBase"]
[SourceQuality "1"]

1. e4 e5 2. Nf3 Nc6 3. Bb5 a6 4. Ba4 Nf6 5. O-O Be7 6. Re1 b5 7. Bb3 O-O 8. h3 d6 9. c3 h6 10. d3 Re8 11. Nbd2 Bf8 12. Nf1 Na5 13. Bc2 c5 14. Ng3 g6 15. Be3 d5 16. Nh2 dxe4 17. Nxe4 Nxe4 18. dxe4 Nc4 19. Bc1 Be6 20. b3 Qxd1 21. Rxd1 Nb6 22. Ng4 Bxg4 23. hxg4 Rad8 24. Be3 Na8 25. a4 Nc7 26. Kf1 Ne6 27. axb5 axb5 28. Ra5 b4 29. cxb4 cxb4 30. Rxe5 Rxd1+ 31. Bxd1 Ra8 32. g3 Ra1 33. Rd5 Ng5 34. Kg2 Nxe4 35. Rd8 Ng5 36. Be2 Ne6 37. Re8 Ng7 38. Rb8 Re1 39. Bc4 g5 40. Kf3 Ne6 41. Bxe6 Rxe3+ 42. Kxe3 fxe6 43. Ke4 Kf7 44. Ke5 Bg7+ 45. Kd6 Bc3 46. Rb7+ Kf6 47. Re7 e5 48. Re6+ Kg7 49. Rxe5 Bxe5+ 50. Kxe5 Kg6 51. Ke4 1-0

[Event "Turkey Cup 2019"]
[Site "Belek"]
[Date "2019.01.28"]
[Round "3.33"]
[White "Cam, Vedat"]
[Black "Aytekin, Murat Eren"]
[Result "0-1"]
[WhiteElo "1882"]
[BlackElo "2163"]
[Annotator "TA"]
[PlyCount "60"]
[EventDate "2019.01.27"]
[EventType "swiss"]
[EventCountry "TUR"]
[SourceTitle "playchess.com"]
[Source "ChessBase"]
[SourceQuality "1"]

1. d4 g6 2. c4 Bg7 3. Nc3 c5 4. d5 Nf6 5. e4 d6 6. Nf3 O-O 7. Bd3 Na6 8. O-O Bg4 9. h3 Bxf3 10. Qxf3 Nd7 11. Qe2 Nc7 12. f4 Rb8 13. Bd2 a6 14. a4 e6 15. g4 exd5 16. exd5 f5 17. Qg2 Qf6 18. Kh2 Qd4 19. Rf3 fxg4 20. hxg4 Ne5 21. fxe5 Rxf3 22. Qxf3 Rf8 23. Qe3 Qxg4 24. Bf1 Bxe5+ 25. Kh1 Qh5+ 26. Bh3 Rf3 27. Qxf3 Qxf3+ 28. Bg2 Qh5+ 29. Kg1 Bd4+ 30. Kf1 Qf5+ 0-1

[Event "Turkey Cup 2019"]
[Site "Belek"]
[Date "2019.01.28"]
[Round "3.34"]
[White "Demir, Zeki"]
[Black "Kul, Ozdemir Efe"]
[Result "1-0"]
[WhiteElo "1805"]
[BlackElo "1998"]
[Annotator "NA RC"]
[PlyCount "79"]
[EventDate "2019.01.27"]
[EventType "swiss"]
[EventCountry "TUR"]
[SourceTitle "playchess.com"]
[Source "ChessBase"]
[SourceQuality "1"]

1. d4 Nf6 2. c4 g6 3. Nc3 d5 4. cxd5 Nxd5 5. e4 Nxc3 6. bxc3 Bg7 7. Nf3 O-O 8. Rb1 c5 9. Be2 b6 10. O-O Qc7 11. Bg5 Bb7 12. Qd3 h6 13. Be3 Nd7 14. d5 Rad8 15. c4 e5 16. g4 Bc8 17. Nh4 Nf6 18. f3 Qe7 19. Ng2 Ne8 20. Bf2 f5 21. gxf5 gxf5 22. a4 Rd6 23. a5 Rg6 24. Kh1 f4 25. axb6 axb6 26. Rg1 Qd6 27. Qb3 Kh8 28. Nh4 Rgf6 29. Ra1 Rg8 30. Bd3 Bf8 31. Rxg8+ Kxg8 32. Ra8 Bd7 33. Qa2 Rf7 34. Nf5 Qg6 35. Bh4 Bxf5 36. exf5 Qh5 37. Qf2 Ng7 38. f6 Nf5 39. Qg2+ Kh8 40. Bxf5 1-0

[Event "Turkey Cup 2019"]
[Site "Belek"]
[Date "2019.01.28"]
[Round "3.35"]
[White "Caglar, Ahmet Ata"]
[Black "Ozcan, Berk"]
[Result "1/2-1/2"]
[WhiteElo "2093"]
[BlackElo "1709"]
[Annotator "NA RC"]
[PlyCount "67"]
[EventDate "2019.01.27"]
[EventType "swiss"]
[EventCountry "TUR"]
[SourceTitle "playchess.com"]
[Source "ChessBase"]
[SourceQuality "1"]

1. e4 c5 2. Nf3 Nc6 3. d4 cxd4 4. Nxd4 Nf6 5. Nc3 d6 6. g3 a6 7. Bg2 Bd7 8. O-O e6 9. a4 Be7 10. Nb3 O-O 11. f4 Qc7 12. a5 b6 13. axb6 Qxb6+ 14. Kh1 Bc8 15. Re1 Bb7 16. Be3 Qc7 17. Na4 Nd7 18. c4 Nb4 19. Qe2 Rac8 20. Rec1 Nc5 21. Naxc5 dxc5 22. Rd1 Rfd8 23. Rxd8+ Rxd8 24. Rd1 Rxd1+ 25. Qxd1 a5 26. e5 Bxg2+ 27. Kxg2 Qc6+ 28. Qf3 Qxf3+ 29. Kxf3 Nd3 30. Nxa5 Nxb2 31. Bc1 Na4 32. Ke3 Kf8 33. Kd3 Ke8 34. Ke4 1/2-1/2

[Event "Turkey Cup 2019"]
[Site "Belek"]
[Date "2019.01.28"]
[Round "3.36"]
[White "Yigit, Ahmet Yasir"]
[Black "Aslan, Dogukan"]
[Result "0-1"]
[WhiteElo "2032"]
[BlackElo "1709"]
[Annotator "NA RC"]
[PlyCount "112"]
[EventDate "2019.01.27"]
[EventType "swiss"]
[EventCountry "TUR"]
[SourceTitle "playchess.com"]
[Source "ChessBase"]
[SourceQuality "1"]

1. c4 c6 2. Nf3 d5 3. b3 Nf6 4. g3 Bf5 5. Bg2 e6 6. Bb2 Nbd7 7. d3 h6 8. Nbd2 Bh7 9. O-O Be7 10. Rc1 O-O 11. Qc2 Rc8 12. Qb1 Re8 13. b4 b5 14. cxb5 cxb5 15. a3 Rxc1 16. Rxc1 a5 17. Nd4 axb4 18. Nc6 Qa8 19. Nxe7+ Rxe7 20. axb4 Re8 21. Qc2 Qb7 22. Nb3 Bg6 23. h3 Nb6 24. Na5 Qa6 25. Bxf6 gxf6 26. Qb2 Kg7 27. Rc6 Rc8 28. Qc1 Qa8 29. Qc5 Rxc6 30. Nxc6 Qa1+ 31. Bf1 Na4 32. Qxb5 Nc3 33. Qa5 Nxe2+ 34. Kg2 Qd1 35. Qc5 Bxd3 36. Qe3 Nf4+ 37. gxf4 Qxf1+ 38. Kg3 Bf5 39. Kh4 Qc4 40. Nd4 Qxb4 41. Nxf5+ exf5 42. Qg3+ Kh7 43. Qe3 Qe4 44. Kg3 d4 45. Qb3 Kg7 46. f3 Qe1+ 47. Kg2 Qc3 48. Qd5 Qd2+ 49. Kg3 Qe1+ 50. Kg2 Qe2+ 51. Kg3 d3 52. Qxf5 d2 53. Qg4+ Kf8 54. Qc8+ Qe8 55. Qc5+ Kg7 56. Kh4 d1=Q 0-1

[Event "Turkey Cup 2019"]
[Site "Belek"]
[Date "2019.01.28"]
[Round "3.37"]
[White "Sar, Can"]
[Black "Koc, Ilkay"]
[Result "0-1"]
[WhiteElo "1812"]
[BlackElo "2000"]
[Annotator "NA RC"]
[PlyCount "66"]
[EventDate "2019.01.27"]
[EventType "swiss"]
[EventCountry "TUR"]
[SourceTitle "playchess.com"]
[Source "ChessBase"]
[SourceQuality "1"]

1. e4 c5 2. Nf3 d6 3. d4 cxd4 4. Nxd4 Nf6 5. Nc3 a6 6. Be3 e5 7. Nb3 Be6 8. h3 Be7 9. Qd2 O-O 10. O-O-O Nbd7 11. g4 b5 12. f4 b4 13. Nd5 a5 14. Nxe7+ Qxe7 15. Qxd6 Qxd6 16. Rxd6 Nxe4 17. Rxe6 fxe6 18. Bg2 a4 19. Bxe4 axb3 20. Bxa8 bxa2 21. Kd2 Rxa8 22. Ra1 exf4 23. Bxf4 e5 24. Be3 Nf6 25. Kd3 Kf7 26. Bd2 Nd5 27. Kc4 Ke6 28. Bxb4 Rc8+ 29. Bc5 Ne3+ 30. Kb5 Rb8+ 31. Ka4 Nxc2 32. Rxa2 Ra8+ 33. Kb3 Na1+ 0-1

[Event "Turkey Cup 2019"]
[Site "Belek"]
[Date "2019.01.28"]
[Round "3.38"]
[White "Atayman, Evren"]
[Black "Sakalli, Mustafa"]
[Result "1/2-1/2"]
[WhiteElo "1668"]
[BlackElo "1955"]
[Annotator "NA RC"]
[PlyCount "106"]
[EventDate "2019.01.27"]
[EventType "swiss"]
[EventCountry "TUR"]
[SourceTitle "playchess.com"]
[Source "ChessBase"]
[SourceQuality "1"]

1. d4 d6 2. Nf3 Nf6 3. c4 g6 4. Nc3 Bg7 5. g3 O-O 6. Bg2 Nc6 7. d5 Na5 8. Qd3 c5 9. O-O a6 10. a4 Nb3 11. Ra3 Nxc1 12. Rxc1 Bf5 13. e4 Bd7 14. a5 b5 15. axb6 Qxb6 16. Na4 Qb4 17. Rca1 Rfb8 18. e5 Ng4 19. e6 fxe6 20. dxe6 Bxa4 21. Rxa4 Qxb2 22. R4a2 Qb6 23. Rd1 Ra7 24. h3 Ne5 25. Nxe5 Bxe5 26. Be4 Kg7 27. Qd5 Qb3 28. Rad2 a5 29. Rb1 Qxb1+ 30. Bxb1 Rxb1+ 31. Kg2 a4 32. Qf3 Bf6 33. g4 Rb3 34. Qf4 g5 35. Qf5 h6 36. h4 gxh4 37. f3 a3 38. Qh5 Ra8 39. Rxd6 a2 40. Qf7+ Kh8 41. Qg6 Bg5 42. Rd1 Rb2+ 43. Kh3 Bf4 44. g5 Rh2+ 45. Kg4 Bxg5 46. Ra1 Rg8 47. Qf7 Rg2+ 48. Kf5 Bf6 49. Rd1 R2g5+ 50. Ke4 Rg1 51. Rxg1 Rxg1 52. Qf8+ Kh7 53. Qf7+ Rg7 1/2-1/2

[Event "Turkey Cup 2019"]
[Site "Belek"]
[Date "2019.01.28"]
[Round "3.39"]
[White "Camdereli, Gunduz"]
[Black "Sahin, Handenur"]
[Result "0-1"]
[WhiteElo "1724"]
[BlackElo "1998"]
[Annotator "NA RC"]
[PlyCount "104"]
[EventDate "2019.01.27"]
[EventType "swiss"]
[EventCountry "TUR"]
[SourceTitle "playchess.com"]
[Source "ChessBase"]
[SourceQuality "1"]

1. e4 e5 2. Nf3 Nc6 3. d4 exd4 4. Bc4 Nf6 5. O-O Nxe4 6. Re1 d5 7. Bxd5 Qxd5 8. Nc3 Qa5 9. Nxe4 Be6 10. Neg5 O-O-O 11. Nxe6 fxe6 12. Rxe6 Bd6 13. Bg5 Rde8 14. Qe1 Qxe1+ 15. Raxe1 Rxe6 16. Rxe6 Rf8 17. Re4 Rf5 18. Bd2 Rb5 19. Bc1 Rc5 20. Ne1 h6 21. a3 a5 22. Kf1 Kd7 23. Ke2 Be7 24. Kd3 Bf6 25. Nf3 b5 26. Bd2 Rd5 27. g4 g5 28. h4 a4 29. hxg5 hxg5 30. b4 axb3 31. cxb3 Nd8 32. b4 Ne6 33. Re1 c5 34. bxc5 Nxc5+ 35. Kc2 d3+ 36. Kd1 Na4 37. Bb4 Nb2+ 38. Kd2 Nc4+ 39. Kd1 Kd8 40. Re4 Rd7 41. Re6 Bg7 42. Bd2 Nxa3 43. Bxg5+ Kc7 44. Ne5 Bxe5 45. Rxe5 Kc6 46. Bf6 Nc4 47. Re7 Nb2+ 48. Kd2 Nc4+ 49. Kd1 Rd6 50. g5 b4 51. Be5 b3 52. Bc3 b2 0-1

[Event "Turkey Cup 2019"]
[Site "Belek"]
[Date "2019.01.28"]
[Round "3.40"]
[White "Gallevci, Yagiz"]
[Black "Yaziciogullari, Ali Emre"]
[Result "1-0"]
[WhiteElo "2034"]
[BlackElo "1675"]
[Annotator "NA RC"]
[PlyCount "149"]
[EventDate "2019.01.27"]
[EventType "swiss"]
[EventCountry "TUR"]
[SourceTitle "playchess.com"]
[Source "ChessBase"]
[SourceQuality "1"]

1. d4 Nf6 2. Nf3 g6 3. Bf4 Bg7 4. e3 O-O 5. Nbd2 c5 6. c3 b6 7. Be2 Bb7 8. O-O d6 9. h3 Nbd7 10. a4 a6 11. Bg3 Ne4 12. Nxe4 Bxe4 13. Nd2 Bb7 14. Bf3 Bxf3 15. Nxf3 b5 16. Qd3 c4 17. Qe4 Nf6 18. Qc6 Qe8 19. Qb6 Qd8 20. Qxd8 Rfxd8 21. Bh4 h6 22. Bxf6 Bxf6 23. Rfd1 d5 24. Ne1 e6 25. Nc2 Be7 26. Ra2 Rdb8 27. axb5 Rxb5 28. Kf1 Rab8 29. Rb1 Rb3 30. Ke2 Rxc3 31. bxc3 Rxb1 32. Rxa6 Kg7 33. Ra1 Rxa1 34. Nxa1 f6 35. e4 Kf7 36. Nc2 f5 37. f3 f4 38. g3 fxg3 39. Ne3 Bg5 40. exd5 h5 41. dxe6+ Kxe6 42. Nxc4 Kd5 43. Ne5 h4 44. Nxg6 Kc4 45. f4 Bf6 46. Ne5+ Kxc3 47. f5 Kxd4 48. Nd7 Be5 49. f6 Bxf6 50. Nxf6 Ke5 51. Ng4+ Ke4 52. Kf1 Kf3 53. Kg1 g2 54. Kh2 g1=B+ 55. Kxg1 Kg3 56. Nf2 Kf3 57. Nh1 Kf4 58. Kg2 Ke4 59. Nf2+ Kf4 60. Ng4 Ke4 61. Kf2 Kf4 62. Ne3 Ke4 63. Ng2 Kf5 64. Nxh4+ Kf4 65. Ng2+ Kf5 66. Kg3 Kg5 67. Ne3 Kh5 68. h4 Kg6 69. Kg4 Kh6 70. h5 Kg7 71. Kg5 Kh8 72. Kg6 Kg8 73. Ng4 Kh8 74. h6 Kg8 75. Ne5 1-0

[Event "Turkey Cup 2019"]
[Site "Belek"]
[Date "2019.01.28"]
[Round "3.41"]
[White "Ekinci, Berkay"]
[Black "Deniz, Medeni"]
[Result "0-1"]
[WhiteElo "1688"]
[BlackElo "1933"]
[Annotator "NA RC"]
[PlyCount "98"]
[EventDate "2019.01.27"]
[EventType "swiss"]
[EventCountry "TUR"]
[SourceTitle "playchess.com"]
[Source "ChessBase"]
[SourceQuality "1"]

1. e4 Nf6 2. e5 Nd5 3. d4 d6 4. c4 Nb6 5. Nf3 Nc6 6. exd6 exd6 7. Be2 Bg4 8. b3 Be7 9. Nbd2 d5 10. Bb2 O-O 11. c5 Nd7 12. h3 Bh5 13. O-O Bf6 14. b4 Re8 15. b5 Bxf3 16. Nxf3 Ne7 17. Qc2 Nf8 18. Bd3 Neg6 19. Bc1 Ne6 20. Bxg6 hxg6 21. Be3 b6 22. c6 a6 23. a4 Qd6 24. Qd2 axb5 25. axb5 Ra3 26. Ra2 Rb3 27. Rb2 Qa3 28. Rfb1 Rxb2 29. Rxb2 Ra8 30. Rb4 Qa1+ 31. Kh2 Be7 32. Rb3 Bd6+ 33. g3 Qf1 34. Qe1 Qc4 35. Qd1 Ra5 36. Qb1 Kf8 37. Qb2 Ke7 38. Bd2 Ra1 39. Re3 Rd1 40. Be1 Kf8 41. Rc3 Qf1 42. Re3 Nf4 43. Nh4 g5 44. Qa2 g6 45. Qa8+ Kg7 46. Re8 gxh4 47. Rg8+ Kf6 48. Rxg6+ Nxg6 49. Qd8+ Kg7 0-1

[Event "Turkey Cup 2019"]
[Site "Belek"]
[Date "2019.01.28"]
[Round "3.42"]
[White "Onbasi, Irem"]
[Black "Gazioglu, Halit"]
[Result "0-1"]
[WhiteElo "1439"]
[BlackElo "1909"]
[Annotator "NA RC"]
[PlyCount "158"]
[EventDate "2019.01.27"]
[EventType "swiss"]
[EventCountry "TUR"]
[SourceTitle "playchess.com"]
[Source "ChessBase"]
[SourceQuality "1"]

1. d4 Nf6 2. c4 c5 3. d5 d6 4. Nc3 g6 5. e4 Bg7 6. h3 O-O 7. Nf3 a6 8. Bd3 e6 9. O-O exd5 10. exd5 Re8 11. Qc2 Bd7 12. Bf4 Qb6 13. Rfe1 a5 14. Nd2 Na6 15. a3 Rxe1+ 16. Rxe1 Re8 17. Rxe8+ Nxe8 18. Nde4 Nac7 19. Be3 Bf5 20. f3 Bxe4 21. fxe4 Be5 22. Na4 Qa7 23. Qf2 Qb8 24. Bf4 Bd4 25. Be3 Be5 26. Bf4 Bd4 27. Be3 Bg7 28. Qd2 b6 29. Qc2 Na8 30. Be2 Qd8 31. Qb3 Qh4 32. Qd3 Qe1+ 33. Bf1 Be5 34. Bf2 Qc1 35. Be3 Qa1 36. Qc2 Nf6 37. Bf2 Nh5 38. Nc3 Nc7 39. Bh4 Bd4+ 40. Bf2 Ng3 41. Qd1 Bxf2+ 42. Kxf2 Qxb2+ 43. Kxg3 Qxc3+ 44. Qf3 Qd4 45. Qg4 Ne8 46. Qf3 Nf6 47. Bd3 Nd7 48. Bf1 Kg7 49. Qd3 Qe5+ 50. Kf2 Nf6 51. Kf3 Nh5 52. Kf2 Nf4 53. Qe3 g5 54. g3 Ng6 55. Be2 h6 56. Bf3 Qb2+ 57. Be2 Ne5 58. Kg1 a4 59. Kf1 Qb3 60. Kf2 f6 61. Qc1 h5 62. Kg2 Qa2 63. Kf1 g4 64. h4 Qb3 65. Kg2 Nf3 66. Qd1 Qxa3 67. Kf2 Qb3 68. Qa1 Nd4 69. Bd1 Qxc4 70. Qxa4 Qxa4 71. Bxa4 b5 72. Bd1 b4 73. Ke3 b3 74. Kd3 Kg6 75. Kc3 f5 76. exf5+ Kxf5 77. Bxb3 Nxb3 78. Kxb3 Ke5 79. Kc4 Ke4 0-1

[Event "Turkey Cup 2019"]
[Site "Belek"]
[Date "2019.01.28"]
[Round "3.43"]
[White "Bulut, Nazim"]
[Black "Ozveren, Ali Bulent"]
[Result "0-1"]
[WhiteElo "1496"]
[BlackElo "1906"]
[Annotator "NA RC"]
[PlyCount "136"]
[EventDate "2019.01.27"]
[EventType "swiss"]
[EventCountry "TUR"]
[SourceTitle "playchess.com"]
[Source "ChessBase"]
[SourceQuality "1"]

1. e3 e5 2. Nc3 d5 3. d4 exd4 4. exd4 Nf6 5. Bg5 Be7 6. Nf3 O-O 7. Bd3 h6 8. Be3 Ng4 9. Bf4 Re8 10. O-O c6 11. h3 Nf6 12. a3 Be6 13. Re1 Nbd7 14. Qd2 Nf8 15. Re2 Bd6 16. Be3 Ng6 17. Rae1 Qc7 18. Bxg6 fxg6 19. Bxh6 Bf5 20. Bg5 Ne4 21. Nxe4 Bxe4 22. Nh4 Rf8 23. f3 Bf5 24. g4 Bd7 25. Qd3 Be8 26. Rf1 c5 27. c3 Qb6 28. dxc5 Qxc5+ 29. Be3 Qb5 30. Qd2 Bf7 31. Bd4 Bg3 32. Ng2 Rfe8 33. Ne3 Bf4 34. Kg2 Re6 35. Rfe1 Rae8 36. Qc2 g5 37. Kf2 Bg6 38. Nf5 Bxf5 39. gxf5 Bg3+ 40. Kxg3 Rxe2 41. Rxe2 Rxe2 42. Qc1 Qxb2 43. Qf1 Qd2 44. Bf2 b6 45. a4 Qf4+ 46. Kg2 Ra2 47. Qb5 Qe5 48. Qd7 Rd2 49. Qd8+ Kh7 50. Qxg5 Re2 51. Qh4+ Kg8 52. Qd8+ Kf7 53. Kf1 Rd2 54. Qd7+ Qe7 55. Qb5 Rd1+ 56. Kg2 Qg5+ 57. Kh2 Qxf5 58. Qe2 Qf4+ 59. Kg2 Rd2 60. Qb5 Qg5+ 61. Kf1 Rd1+ 62. Be1 Qf5 63. Qe2 Qxh3+ 64. Kf2 Qh2+ 65. Ke3 Qxe2+ 66. Kxe2 Ra1 67. Bf2 Rxa4 68. Bd4 Rxd4 0-1